|
|
|
|
| LEADER |
00000nkm0a2200000 4500 |
| 001 |
677031 |
| 005 |
20241211154715.0 |
| 090 |
|
|
|a 677031
|
| 100 |
|
|
|a 20241128d1939 m||y0rusy50 ca
|
| 101 |
0 |
|
|a rus
|
| 102 |
|
|
|a RU
|
| 105 |
|
|
|a c z 000yy
|
| 181 |
|
0 |
|a b
|b ba
|
| 181 |
|
0 |
|a i
|b e
|
| 182 |
|
0 |
|a n
|
| 183 |
|
0 |
|a nc
|2 RDAcarrier
|
| 200 |
1 |
|
|a Портреты великих людей науки
|f отв. ред. Е. З. Гиндин
|
| 203 |
|
|
|a Текст
|a Изображение
|b визуальный
|c непосредственный
|
| 210 |
|
|
|a Москва
|c Изд-во Московского планетария
|d 1939
|
| 215 |
|
|
|a 26 л.
|c порт.
|
| 225 |
1 |
|
|a Выдающиеся деятели науки
|
| 225 |
1 |
|
|a Серия астрономическая
|
| 283 |
|
|
|a sheet
|2 RDAcarrier
|
| 300 |
|
|
|a В папке
|
| 606 |
1 |
|
|a Учёные
|9 80522
|
| 606 |
1 |
|
|a Естественные науки в целом
|9 59127
|
| 610 |
1 |
|
|a наука
|
| 610 |
1 |
|
|a портреты
|
| 610 |
1 |
|
|a астрономия
|
| 610 |
1 |
|
|a астрономы
|
| 610 |
1 |
|
|a математики
|
| 610 |
1 |
|
|a физики
|
| 610 |
1 |
|
|a философы
|
| 675 |
|
|
|a 50(092)
|v 4
|
| 686 |
|
|
|2 rubbk
|a Ч216
|
| 702 |
|
1 |
|4 340
|a Гиндин
|b Е. З.
|
| 801 |
|
0 |
|a RU
|b 63413507
|
| 830 |
|
|
|a Ретро2024Каталогизация Кузнецова
|
| 850 |
|
|
|a 63413507
|
| 942 |
|
|
|c BK
|